000 00549nam a2200169Ia 4500
008 190805s9999||||xx |||||||||||||| ||und||
020 _a9780143422358
_cRs. 250.00
082 0 4 _a355.13420954
_bR198
100 1 _aRawat, Rachna Bisht
245 1 4 _aThe Brave : Param Vir Chakra Stories /
_cRachna Bisht Rawat ; illustrations by Rishi Kumar.
260 _aGurgaon :
_bPenguin Books India Pvt. Ltd,
_c2014
300 _axi, 283 p.
_b : ill.
_c; 20 cm.
650 0 _aParam vir chakra
700 1 _aRishi Kumar
942 _cBK
999 _c383
_d383